Najpotężniejsze państwo w podanym roku - Statystyki

Ogólne statystyki
  • Ten quiz został rozwiązany 966 razy
  • Średni wynik to 13 z 43
Statystyki odpowiedzi
Data Państwo % Poprawnych
2000 USA
99%
1950 ZSRR
82%
1900 Cesarstwo Niemieckie
75%
1850 Imperium Brytyjskie
64%
1800 Cesarstwo Francuskie
62%
1750 Imperium Rosyjskie
56%
1700 Carstwo Rosyjskie
47%
0 Cesarstwo Rzymskie
45%
50 p.n.e. Cesarstwo Rzymskie
44%
100 Cesarstwo Rzymskie
43%
50 Cesarstwo Rzymskie
43%
300 Cesarstwo Rzymskie
42%
250 Cesarstwo Rzymskie
42%
200 Cesarstwo Rzymskie
42%
150 Cesarstwo Rzymskie
42%
1650 Imperium Hiszpańskie
37%
1600 Imperium Hiszpańskie
35%
1550 Imperium Osmańskie
35%
1500 Imperium Osmańskie
33%
1450 Dynastia Ming
24%
100 p.n.e. Dynastia Han
23%
1000 Święte Cesarstwo Rzymskie
22%
1050 Święte Cesarstwo Rzymskie
21%
1250 Imperium Mongolskie
20%
1350 Imperium Mongolskie
18%
1300 Imperium Mongolskie
18%
1200 Święte Cesarstwo Rzymskie
18%
1150 Święte Cesarstwo Rzymskie
17%
800 Królestwo Franków
16%
600 Cesarstwo Bizantyjskie
15%
550 Cesarstwo Bizantyjskie
15%
500 Cesarstwo Bizantyjskie
15%
750 Królestwo Franków
15%
450 Sasanidzi
13%
350 Sasanidzi
13%
400 Sasanidzi
12%
900 Dynastia Tang
11%
700 Kalifat Umajjadów
9%
650 Kalifowie prawowierni
8%
1100 Wielcy Seldżucy
7%
850 Kalifat Abbasydów
6%
950 Samanidzi
5%
1400 Imperium Timurydów
3%
Nie znaleziono quizów pasujących do podanych kryteriów
Rozkład punktacji
Procent ludzi z każdym wynikiem
Percentyl według liczby udzielonych odpowiedzi
Twoja historia wyników
Nie rozwiązałeś tego quizu